| 000 | 00456nam a22001697a 4500 | ||
|---|---|---|---|
| 999 |
_c524862 _d524862 |
||
| 003 | NUST | ||
| 005 | 20190626121344.0 | ||
| 020 | _c(Hbk) | ||
| 038 | _aM. Shaban | ||
| 082 |
_a891.421 _bFAQ |
||
| 100 |
_aFaqeer, Asholal _915660 |
||
| 245 |
_aCharo hath na murli _cAsholal Faqeer, |
||
| 260 |
_aLahore -; _bShirkat press, _c2007. |
||
| 880 |
_6100-01\r _aاَشولال فقیر |
||
| 880 |
_6245-02\r _aچھڑو ہتھ نہ مُرلی / |
||
| 942 |
_2ddc _cBK |
||